000 00493nam a2200157 i 4500
001 70666
003 ES-MaACL
005 20230906170901.0
007 t|
008 040729s1967 sp ||||1| spa d
100 1 _aGargallo Valls, José.
_955534
245 1 3 _aLa Jana
_b: I centenario de la beatificación de Jacinto Orfanell /
_cJosé Gargallo Valls.
260 _a[Castellón :
_bs.n.,
_c1967] (
_fImp. Mialfo)
300 _a134 p., 4 lám. ;
_c23 cm.
852 _aES-MaACL
_jC-33450
_bR.64246
999 _c70666
_d70666